000 00689nam a22002177a 4500
005 20170124105923.0
010 _aA-896139
020 _c00.00
_a8175100796
035 _aA-896139
037 _bCen Lib/Ret
040 _aDPL
_bEN
082 _a327.174
_bKUN
100 _aKunju, N.
_95367
245 _aComprehensive test ban treaty :
_cBy N. Kunju
_bwith complete text /
260 _aNew Delhi
_bReliance Publishing House
_c1997
270 _bNew Delhi
_a3026/7H, ranjit nagar
_e110008
300 _a104p.
_c21cm(Hb)
650 _aComprehensive test--International relations
_974382
650 _aInternational relations
_974383
942 _2ddc
_cEN
_h327.174
_mKUN
999 _c123315
_d123315